Online
Catalog

Antología completa de poetas portorriqueños : (Record no. 25128)

MARC details
000 -CABECERA
campo de control de longitud fija 00822nam a2200229 a 4500
001 - NÚMERO DE CONTROL
campo de control 000025636
005 - FECHA Y HORA DE LA ÚLTIMA TRANSACCIÓN
campo de control 20200930023932.0
008 - DATOS DE LONGITUD FIJA--INFORMACIÓN GENERAL
campo de control de longitud fija 110218s1922 pr r 000 p spa d
040 ## - FUENTE DE LA CATALOGACIÓN
Centro catalogador/agencia de origen DO-SdBNP
Lengua de catalogación spa
Centro/agencia transcriptor BNPHU
082 ## - NÚMERO DE LA CLASIFICACIÓN DECIMAL DEWEY
Número de clasificación PR861.7295
Número de documento/Ítem A634c
049 ## - FONDOS LOCALES (OCLC)
Fondos de biblioteca BNGR
245 01 - MENCIÓN DE TÍTULO
Título Antología completa de poetas portorriqueños :
Resto del título los nuevos /
Mención de responsabilidad, etc. compilación y prólogo de Carlos N. Carreras.
260 ## - PUBLICACIÓN, DISTRIBUCIÓN, ETC.
Lugar de publicación, distribución, etc. San Juan, Puerto Rico :
Nombre del editor, distribuidor, etc. Puerto Rico Ilustrado,
Fecha de publicación, distribución, etc. 1922.
300 ## - DESCRIPCIÓN FÍSICA
Extensión v. ;
Dimensiones 20 cm.
490 1# - MENCIÓN DE SERIE
Mención de serie Biblioteca Puerto Rico Ilustrado
500 ## - NOTA GENERAL
Nota general La biblioteca posee el V.3
650 #4 - PUNTO DE ACCESO ADICIONAL DE MATERIA--TÉRMINO DE MATERIA
Término de materia o nombre geográfico como elemento de entrada Poetas puertorriqueños
9 (RLIN) 52354
650 #4 - PUNTO DE ACCESO ADICIONAL DE MATERIA--TÉRMINO DE MATERIA
Término de materia o nombre geográfico como elemento de entrada Poesía puertoprriqueña
9 (RLIN) 52355
650 #4 - PUNTO DE ACCESO ADICIONAL DE MATERIA--TÉRMINO DE MATERIA
Término de materia o nombre geográfico como elemento de entrada Literatura puertoprriqueña
9 (RLIN) 52356
700 1# - PUNTO DE ACCESO ADICIONAL--NOMBRE DE PERSONA
Nombre de persona Carreras, Carlos N.
Término indicativo de función/relación pról.
9 (RLIN) 52357
830 #0 - PUNTO DE ACCESO ADICIONAL DE SERIE-TÍTULO UNIFORME
Título uniforme Biblioteca Puerto Rico Ilustrado
9 (RLIN) 52358
Holdings
Estado de retiro Estado de pérdida Restricciones de uso No para préstamo Código de colección Localización permanente Ubicación/localización actual Ubicación en estantería Fecha de adquisición Número de inventario Total de préstamos Signatura topográfica completa Código de barras Fecha visto por última vez Precio válido a partir de Tipo de ítem Koha
        Monografías: Libros y Folletos General General En catalogación 18.02.2011 LF1   PR861.7295 A634c 25636-10 25.06.2020 25.06.2020 Préstamo en sala

Powered by Koha